000 005310000a22001810004500
003 MACL
005 20160221115711.0
008 160221b xxu||||| |||| 00| 0 eng d
040 _aMACL
_cMACL
041 _aHindi
082 _a370/JAS
100 _aजायसवाल सीताराम
_939362
245 _aभूगोल-शिक्षण
260 _bनन्‍दकियोर ऐण्‍ड ब्रदर्स
_aबनारस
350 _a3
650 _aEducation
_939363
942 _cHIN
_k200
_2ddc
999 _c23921
_d23921